Civil Society Exposed : (Record no. 12316)
[ view plain ]
| 000 -LEADER | |
|---|---|
| fixed length control field | 01693cam a2200349 a 4500 |
| 001 - CONTROL NUMBER | |
| control field | 13977840 |
| 005 - DATE AND TIME OF LATEST TRANSACTION | |
| control field | 20060724212401.0 |
| 008 - FIXED-LENGTH DATA ELEMENTS--GENERAL INFORMATION | |
| fixed length control field | 050521s2004 enk b 001 0 eng |
| 010 ## - LIBRARY OF CONGRESS CONTROL NUMBER | |
| LC control number | 2005276277 |
| 020 ## - INTERNATIONAL STANDARD BOOK NUMBER | |
| International Standard Book Number | 9774248848 |
| 035 ## - SYSTEM CONTROL NUMBER | |
| System control number | (OCoLC)ocm56442125 |
| 040 ## - CATALOGING SOURCE | |
| Original cataloging agency | UKM |
| Transcribing agency | UKM |
| Modifying agency | C#P |
| -- | OCLCQ |
| -- | DLC |
| 042 ## - AUTHENTICATION CODE | |
| Authentication code | lccopycat |
| 043 ## - GEOGRAPHIC AREA CODE | |
| Geographic area code | f-ua--- |
| 050 00 - LIBRARY OF CONGRESS CALL NUMBER | |
| Classification number | JQ3847 |
| Item number | .A23 2004 |
| 082 00 - DEWEY DECIMAL CLASSIFICATION NUMBER | |
| Classification number | 300.962 |
| Edition number | 22 |
| Item number | RAH |
| 100 1# - MAIN ENTRY--PERSONAL NAME | |
| Personal name | Abdelrahman, Maha M. |
| 9 (RLIN) | 7927 |
| 245 10 - TITLE STATEMENT | |
| Title | Civil Society Exposed : |
| Remainder of title | the Politics of NGOs in Egypt / |
| Statement of responsibility, etc | Maha M. Abdelrahman. |
| 260 ## - PUBLICATION, DISTRIBUTION, ETC. (IMPRINT) | |
| Place of publication, distribution, etc | London ; |
| -- | New York : |
| Name of publisher, distributor, etc | Tauris Academic, |
| Date of publication, distribution, etc | 2004. |
| 300 ## - PHYSICAL DESCRIPTION | |
| Extent | vii, 228 p. ; |
| Dimensions | 25 cm. |
| 440 #0 - | |
| -- | Library of modern Middle East studies ; |
| -- | 40 |
| -- | 7928 |
| 504 ## - BIBLIOGRAPHY, ETC. NOTE | |
| Bibliography, etc | Includes bibliographical references (p. 204-225) and index. |
| 650 #0 - SUBJECT ADDED ENTRY--TOPICAL TERM | |
| Topical term or geographic name as entry element | Civil society |
| Geographic subdivision | Egypt. |
| 9 (RLIN) | 7929 |
| 650 #0 - SUBJECT ADDED ENTRY--TOPICAL TERM | |
| Topical term or geographic name as entry element | Non-governmental organizations |
| Geographic subdivision | Egypt. |
| 9 (RLIN) | 7930 |
| 651 #0 - SUBJECT ADDED ENTRY--GEOGRAPHIC NAME | |
| Geographic name | Egypt |
| General subdivision | Politics and government |
| Chronological subdivision | 1981- |
| 9 (RLIN) | 7931 |
| 856 42 - ELECTRONIC LOCATION AND ACCESS | |
| Materials specified | Contributor biographical information |
| Uniform Resource Identifier | <a href="http://www.loc.gov/catdir/enhancements/fy0626/2005276277-b.html">http://www.loc.gov/catdir/enhancements/fy0626/2005276277-b.html</a> |
| 856 42 - ELECTRONIC LOCATION AND ACCESS | |
| Materials specified | Publisher description |
| Uniform Resource Identifier | <a href="http://www.loc.gov/catdir/enhancements/fy0626/2005276277-d.html">http://www.loc.gov/catdir/enhancements/fy0626/2005276277-d.html</a> |
| 856 41 - ELECTRONIC LOCATION AND ACCESS | |
| Materials specified | Table of contents only |
| Uniform Resource Identifier | <a href="http://www.loc.gov/catdir/enhancements/fy0626/2005276277-t.html">http://www.loc.gov/catdir/enhancements/fy0626/2005276277-t.html</a> |
| 942 ## - ADDED ENTRY ELEMENTS (KOHA) | |
| Source of classification or shelving scheme | Dewey Decimal Classification |
| Item type | Book - Borrowing |
| Withdrawn status | Item status | Source of classification or shelving scheme | Damaged status | Not for loan | Vendor | Home library | Current library | Shelving location | Date acquired | Source of acquisition | Cost, normal purchase price | Serial Enumeration / chronology | Total Checkouts | Total Renewals | Full call number | Barcode | Date last seen | Date last borrowed | Koha item type |
|---|---|---|---|---|---|---|---|---|---|---|---|---|---|---|---|---|---|---|---|
| Dewey Decimal Classification | AUC | Central Library | Central Library | First floor | 09/07/2009 | 60.00 | 4122 | 12 | 72 | 300.962 RAH | 000017402 | 15/07/2025 | 01/07/2019 | Book - Borrowing |